Largest Cities in the World in 2000 - Statistics

General Stats
  • This quiz has been taken 93 times
  • The average score is 19 of 20
Answer Stats
Modern-Day Country Population City % Correct
Mexico 17.1 mil Mexico City
100%
United States 17.0 mil New York City
100%
Japan 18.9 mil Osaka
100%
Japan 33.6 mil Tokyo
100%
Egypt 12.1 mil Cairo
99%
India 12.4 mil Delhi
99%
Brazil 16.0 mil Sao Paulo
99%
Argentina 11.8 mil Buenos Aires
97%
Russia 9.2 mil Moscow
97%
South Korea 10.2 mil Seoul
97%
China 11.3 mil Shanghai
97%
United States 11.3 mil Los Angeles
96%
India 14.3 mil Mumbai
96%
France 9.5 mil Paris
96%
India 12.0 mil Kolkata
95%
Phillippines 9.4 mil Manila
95%
Brazil 10.5 mil Rio de Janeiro
95%
Pakistan 8.5 mil Karachi
92%
Angola 10.8 mil Luanda
88%
Japan 8.7 mil Nagoya
79%
No matching quizzes found
Score Distribution
Percent of People with Each Score
Percentile by Number Answered
Your Score History
You have not taken this quiz